Komparácia stavu rizikového kapitálu v SR a v ostatných krajinách V4 diplomová práca

Saved in:
Bibliographic Details
Main Author: Takács, Tibor
Corporate Author: Národohospodárska fakulta EU. Katedra hospodárskej politiky
Other Authors: Kopkáš, Peter
Format: Book
Language:Slovak
Published: Bratislava 2009
Tags: Add Tag
No Tags, Be the first to tag this record!

MARC

LEADER 00000nam$a2200000$$$4500
001 0095831
005 20240319123815.7
041 0 |a slo 
044 |a SK 
245 1 0 |a Komparácia stavu rizikového kapitálu v SR a v ostatných krajinách V4  |b diplomová práca  |c Tibor Takács ; škol. Peter Kopkáš 
264 1 |a Bratislava  |c 2009 
300 |a 82 s. 
100 1 |a Takács, Tibor 
700 1 |a Kopkáš, Peter 
710 2 |a Národohospodárska fakulta EU. Katedra hospodárskej politiky